Statistics for Five Biggest Cities by Number of Letters

Click here to take the quiz!

General Stats

  • This quiz has been taken 166 times
    (49 since last reset)
  • The average score is 21 of 30

Answer Stats

# Letters Population City % Correct
5 Letters20.5 milCairo
100%
6 Letters14.7 milLondon
98%
5 Letters40.2 milTokyo
98%
6 Letters17.2 milMoscow
95%
4 Letters9.90 milLima
90%
7 Letters20.4 milBeijing
90%
7 Letters30.6 milJakarta
90%
5 Letters29.4 milDelhi
90%
8 Letters35.9 milShanghai
90%
6 Letters24.7 milMumbai
88%
8 Letters22.2 milSão Paulo
83%
6 Letters25.2 milManila
83%
5 Letters24.7 milSeoul
78%
9 Letters45.6 milGuangzhou
76%
6 Letters15.0 milTehran
73%
8 Letters15.8 milIstanbul
73%
8 Letters12.0 milKinshasa
73%
5 Letters19.5 milDhaka
73%
7 Letters17.3 milKarachi
71%
7 Letters18.3 milBangkok
68%
7 Letters16.6 milKolkata
68%
4 Letters6.80 milXi'an
63%
9 Letters11.8 milBengaluru
51%
4 Letters3.45 milKiev
44%
4 Letters6.70 milPune
39%
9 Letters9.85 milHyderabad
37%
9 Letters8.25 milAhmedabad
27%
9 Letters8.05 milChongqing
27%
4 Letters4.55 milKano
15%
8 Letters8.30 milHangzhou
15%

Score Distribution

Percentile by Number Answered

Percent of People with Each Score

Your Score History

You have not taken this quiz since the last reset